[Event "FRA-ch U18"]
[Site "Agen"]
[Date "2023.04.26"]
[Round "5"]
[White "Mekhane, Adam"]
[Black "Berthou, Jules"]
[Result "1-0"]
[WhiteElo "2280"]
[BlackElo "1781"]
[PlyCount "59"]
[EventDate "2023.04.23"]
[EventType "swiss"]
[EventRounds "9"]
[EventCountry "FRA"]
[SourceTitle "CBM 214 Extra"]
[Source "ChessBase"]
[SourceDate "2023.07.31"]
[SourceVersion "1"]
[SourceVersionDate "2023.07.31"]
[SourceQuality "1"]

1. e4 c5 2. Nf3 Nc6 3. Bb5 g6 4. 0-0 Bg7 5. d3 Nf6 6. h3 Qc7 7. Be3 a6 8. Bxc6 Qxc6 9. c4 d6 10. a4 b6 11. Nc3 Rb8 12. Qd2 0-0 13. Bh6 Bd7 14. Qg5 Qc7 15. Qh4 b5 16. axb5 axb5 17. Ng5 e6 18. Bxg7 Kxg7 19. e5 dxe5 20. Nce4 Nxe4 21. Qxh7+ Kf6 22. Nxe4+ Ke7 23. Qg7 Bc6 24. Qf6+ Ke8 25. cxb5 Rxb5 26. Rfc1 Qe7 27. Qxe5 Bxe4 28. Qxe4 f5 29. Qc6+ Qd7 30. Ra8+ 1-0